| 000 | 00352nam a2200145Ia 4500 | ||
|---|---|---|---|
| 008 | 230312s9999||||xx |||||||||||||| ||und|| | ||
| 020 | _a0-387-98973-0 | ||
| 082 |
_a530 _bCOH-A |
||
| 100 | _aCohen;E.Richard | ||
| 245 | 0 | _aAIP Physics Desk Reference | |
| 260 |
_bSpringer _aUSA _c2003 |
||
| 300 | _a888 | ||
| 650 |
_aEngineering _vPhysics |
||
| 942 | _cBK | ||
| 999 |
_c12162 _d12162 |
||